[Event "Szkolne Indywidualne Mistrzostwa Polski 2021 - Chlopcy do lat 15"]
[Site "Pokrzywna"]
[Date "1899-12-30"]
[Round "1.1"]
[White "Butkiewicz, Piotr"]
[Black "Fiszer, Bartosz"]
[Result "0-1"]
[WhiteTitle "II"]
[BlackTitle "CM"]
[WhiteElo "1271"]
[BlackElo "2217"]

1. e4 c5 2. Nf3 Nc6 3. d4 cxd4 4. Nxd4 e5 5. Nb5 d6 6. N1c3 a6 7. Na3 Be7 8. Nd5
Nf6 9. Nxf6+ Bxf6 10. Be3 b5 11. c3 O-O 12. Be2 Bg5 13. Qd2 Bxe3 14. Qxe3 Be6
15. O-O Qa5 16. Nc2 Rab8 17. Qd2 Rfd8 18. Ne3 Qb6 19. Rfd1 a5 20. b3 Ne7 21. c4
b4 22. Qd3 f6 23. Bg4 Bf7 24. Rd2 g6 25. Rad1 Kg7 26. Qe2 a4 27. Rd3 Qc5 28. Bh3
h5 29. Nc2 g5 30. g3 g4 31. Bg2 Bg6 32. Qe3 axb3 33. axb3 Nc6 34. Rd5 Qxe3 35.
fxe3 Bf7 36. Rxd6 Rxd6 37. Rxd6 Na5 38. Rd3 Nb7 39. Rd1 Nc5 40. Rb1 Bg6 41. Ne1
Kf7 42. Kf2 Ra8 43. Rb2 Ra3 44. Ke2 Rxb3 45. Rxb3 Nxb3 46. Kd3 Ke7 47. Nc2 Nc5+
48. Kd2 Bxe4 49. Bxe4 Nxe4+ 50. Kd3 Nc5+ 51. Kd2 b3 52. Na3 Ne4+ 53. Kc1 Kd6 54.
Kb2 Nd2 55. Kc3 Nf1 56. Kxb3 Nxh2 57. Kb4 Nf1 58. Kb5 Kc7 59. c5 Nxe3 60. Nb1
Nd5 61. Nd2 f5 62. Nf1 f4 63. Kc4 Ne3+ 64. Nxe3 fxe3 65. Kd3 Kc6 66. Kxe3 Kxc5
67. Ke4 Kd6 68. Kf5 Kd5 69. Kg5 e4 70. Kxh5 e3 71. Kxg4 e2 72. Kf5 e1=Q 73. g4
Qe5+ 74. Kg6 Ke6 0-1

[Event "Szkolne Indywidualne Mistrzostwa Polski 2021 - Chlopcy do lat 15"]
[Site "Pokrzywna"]
[Date "1899-12-30"]
[Round "1.2"]
[White "Latacz, Grzegorz"]
[Black "Denysow, Damian"]
[Result "1-0"]
[WhiteTitle "II"]
[BlackTitle "II"]
[WhiteElo "1430"]
[BlackElo "1127"]

1. d4 g6 2. c4 Bg7 3. Nc3 d6 4. Nf3 Nf6 5. e4 Nc6 6. Be2 O-O 7. O-O Bg4 8. g3 Re8
9. Be3 e6 10. Rc1 e5 11. d5 Ne7 12. b4 c6 13. a4 b6 14. dxc6 Nxc6 15. b5 Na5 16.
Nd2 Qd7 17. f3 Be6 18. Nd5 Bxd5 19. cxd5 Rac8 20. Nc4 Nxc4 21. Bxc4 Rc7 22. Rc3
Rec8 23. Qe2 Qe7 24. Rfc1 Nd7 25. Qd2 Nc5 26. Bxc5 Rxc5 27. R1c2 Qf8 28. Be2 Bh6
29. Rxc5 dxc5 30. Qc3 Qd6 31. Bc4 f5 32. exf5 gxf5 33. Re2 Re8 34. Bd3 Bg7 35.
Qc4 e4 36. fxe4 fxe4 37. Bxe4 Kh8 38. Kg2 Bd4 39. Qd3 Re7 40. Qf3 Rg7 41. Bd3
Qf6 42. Re8+ Rg8 43. Rxg8+ Kxg8 44. Qg4+ Kf8 45. Qc8+ Kg7 46. Qd7+ Qf7 47. Qxf7+
Kxf7 48. Bxh7 c4 49. Kf3 c3 50. Ke2 Be5 51. Bc2 Kf6 52. Ke3 Kg5 53. Kf3 Kh5 54.
Ke4 Bd6 55. Kf5 Bc7 56. Ke6 Kg4 57. d6 Bb8 58. d7 Bc7 59. Ke7 Kh3 60. d8=Q Bxd8+
61. Kxd8 Kxh2 62. g4 Kg3 63. g5 Kf3 64. g6 Ke2 65. g7 Kd2 66. Bg6 c2 67. Bxc2
Kxc2 68. g8=Q Kc3 69. Qg4 Kd3 70. Kd7 Ke3 71. Kd6 Kd3 72. Kd5 Ke3 73. Qe4+ Kd2
74. Kd4 Kc1 75. Qg2 Kd1 76. Kd3 Ke1 77. Qe2# 1-0

[Event "Szkolne Indywidualne Mistrzostwa Polski 2021 - Chlopcy do lat 15"]
[Site "Pokrzywna"]
[Date "1899-12-30"]
[Round "1.3"]
[White "Oskwarek, Filip"]
[Black "Turowski, Maciej"]
[Result "0-1"]
[WhiteTitle "III"]
[BlackTitle "II"]
[WhiteElo "1099"]
[BlackElo "1373"]

1. e4 d5 2. exd5 Qxd5 3. Nc3 Qd6 4. Nf3 Nf6 5. d4 Bg4 6. Bg5 Nc6 7. Bb5 O-O-O 8.
Bxf6 exf6 9. d5 Nb4 10. Bc4 Bxf3 11. gxf3 Qe5+ 12. Kf1 c6 13. Qd2 Nxd5 14. Nxd5
cxd5 15. Bd3 Qxb2 16. Kg2 Bc5 17. Rab1 Qd4 18. c3 Qh4 19. Rb5 b6 20. Bf5+ Kc7
21. f4 g6 22. Rxc5+ bxc5 23. Qe3 Kd6 24. Bh3 Rhe8 25. Qd2 f5 26. Rd1 Kc6 27. Qd3
c4 28. Qd4 Qe7 29. Kf1 Qe4 30. Qd2 Qh1# 0-1

[Event "Szkolne Indywidualne Mistrzostwa Polski 2021 - Chlopcy do lat 15"]
[Site "Pokrzywna"]
[Date "1899-12-30"]
[Round "1.4"]
[White "Czak, Dominik"]
[Black "Danek, Kacper"]
[Result "1/2-1/2"]
[WhiteTitle "II"]
[BlackTitle "III"]
[WhiteElo "1337"]
[BlackElo "1020"]

1. d4 Nf6 2. c4 g6 3. Nc3 Bg7 4. e4 d6 5. f4 O-O 6. Nf3 c5 7. d5 Bg4 8. h3 Bxf3
9. Qxf3 Nfd7 10. Bd3 e5 11. f5 Na6 12. a3 Nc7 13. O-O a6 14. a4 Rb8 15. Qg3 Nf6
16. Bg5 Nce8 17. a5 Nh5 18. Qe3 Nef6 19. g4 Nf4 20. Bxf4 exf4 21. Qxf4 h6 22.
Be2 g5 23. Qd2 Qe7 24. Bd3 Nd7 25. Rf3 Bd4+ 26. Kg2 Ne5 27. Rg3 b6 28. Ne2 bxa5
29. Nxd4 cxd4 30. Rxa5 Rb6 31. b4 Rc8 32. c5 dxc5 33. bxc5 Rxc5 34. Rxa6 Rxa6
35. Bxa6 Qa7 36. Be2 Qa4 37. Bd1 Qc4 38. Ra3 d3 39. Ra4 Qc1 40. Ra2 Qxd2+ 41.
Rxd2 Rc3 42. d6 Kf8 43. Ba4 Nc4 44. d7 Ke7 45. f6+ Kd8 46. Ra2 Nb6 47. Bd1 Kxd7
48. Kf2 Nc4 49. Ke1 d2+ 50. Ke2 Re3+ 51. Kf2 Rxh3 52. Rc2 Rh1 53. Rxc4 Rxd1 54.
Ke2 Rg1 55. Kxd2 Rxg4 56. Ke3 Ke6 57. Rc6+ Ke5 58. Kd3 Rg3+ 59. Kd2 Kxe4 60. Rc7
Rd3+ 61. Ke2 Rd6 62. Rxf7 Kf5 63. Ra7 Rxf6 64. Kf3 Kg6+ 65. Kg3 Rb6 66. Ra8 Rb3+
67. Kg2 h5 68. Ra6+ Kf5 69. Ra5+ Kf4 70. Ra4+ Ke3 71. Ra5 Rb2+ 72. Kg3 h4+ 73.
Kh3 Kf4 74. Ra4+ Kf5 75. Ra5+ Kf6 76. Ra6+ Kg7 77. Kg4 Rg2+ 78. Kh3 Rg3+ 79. Kh2
Rf3 80. Kg2 Rf6 81. Ra5 Kg6 82. Kh3 Kh5 83. Rb5 Rf3+ 84. Kg2 Kg4 85. Rxg5+ 1/2-1/2

[Event "Szkolne Indywidualne Mistrzostwa Polski 2021 - Chlopcy do lat 15"]
[Site "Pokrzywna"]
[Date "1899-12-30"]
[Round "2.2"]
[White "Turowski, Maciej"]
[Black "Latacz, Grzegorz"]
[Result "1/2-1/2"]
[WhiteTitle "II"]
[BlackTitle "II"]
[WhiteElo "1373"]
[BlackElo "1430"]

1. d4 Nf6 2. c4 e6 3. Nc3 Bb4 4. Nf3 O-O 5. Bg5 d6 6. e3 Qe7 7. Bd3 e5 8. Qc2 h6
9. Bxf6 Qxf6 10. O-O-O Bxc3 11. Qxc3 exd4 12. exd4 Nc6 13. Rde1 Bg4 14. d5 Qxc3+
15. bxc3 Bxf3 16. gxf3 Ne5 17. Be2 Rfe8 18. Kd2 Re7 19. f4 Ng6 20. Bd3 Rae8 21.
Bxg6 fxg6 22. Rxe7 Rxe7 23. f3 Kf7 24. Rb1 b6 25. Re1 Rxe1 26. Kxe1 Kf6 27. Kf2
Kf5 28. Kg3 g5 29. fxg5 hxg5 30. h3 a5 31. a4 g6 32. Kg2 Ke5 33. Kg3 Kf5 34. Kg2
Kf4 35. Kf2 1/2-1/2

[Event "Szkolne Indywidualne Mistrzostwa Polski 2021 - Chlopcy do lat 15"]
[Site "Pokrzywna"]
[Date "1899-12-30"]
[Round "2.3"]
[White "Marek, Grzegorz"]
[Black "Czak, Dominik"]
[Result "1-0"]
[WhiteTitle "II"]
[BlackTitle "II"]
[WhiteElo "1277"]
[BlackElo "1337"]

1. e4 c6 2. d4 d5 3. Nc3 dxe4 4. Nxe4 Nf6 5. Nxf6+ gxf6 6. Bc4 Bf5 7. Ne2 e6 8.
Ng3 Bg6 9. O-O Bd6 10. Bh6 Nd7 11. Nh5 Bxh5 12. Qxh5 Ke7 13. Rfe1 Nb6 14. Bb3
Qg8 15. f4 Qg6 16. Qh3 Kd7 17. f5 exf5 18. c4 Nc8 19. c5 Bf8 20. Bf4 Ne7 21. Bc2
Rg8 22. Bd6 Kd8 23. Bxe7+ Bxe7 24. Bxf5 Qg5 25. Re4 h5 26. Rae1 Re8 27. Bd7 1-0

[Event "Szkolne Indywidualne Mistrzostwa Polski 2021 - Chlopcy do lat 15"]
[Site "Pokrzywna"]
[Date "1899-12-30"]
[Round "2.4"]
[White "Danek, Kacper"]
[Black "Butkiewicz, Piotr"]
[Result "0-1"]
[WhiteTitle "III"]
[BlackTitle "II"]
[WhiteElo "1020"]
[BlackElo "1271"]

1. e4 e5 2. f4 d5 3. exd5 e4 4. Nc3 Nf6 5. d3 Bb4 6. Bd2 Bxc3 7. Bxc3 Qxd5 8. dxe4
Qxe4+ 9. Qe2 Bf5 10. O-O-O O-O 11. Qxe4 Nxe4 12. Be1 Nc6 13. Bd3 Rad8 14. Nf3
Nd6 15. Bh4 f6 16. Bxf5 Nxf5 17. Rxd8 Rxd8 18. Re1 Kf7 19. Bf2 Nfd4 20. Nxd4 Nxd4
21. Bxd4 Rxd4 22. g3 Rd5 23. Re2 a6 24. Rd2 Ke6 25. Rxd5 Kxd5 26. Kd2 Ke4 27.
Ke2 h6 28. a3 b6 29. Kf2 c5 30. Ke2 b5 31. Kf2 a5 32. Ke2 a4 33. Kf2 b4 34. Ke2
h5 35. h4 f5 36. Kf2 bxa3 37. bxa3 Kd4 38. Ke2 Kc3 39. Kd1 Kb2 40. Kd2 c4 41.
Kd1 c3 42. Ke2 Kxc2 43. Ke3 Kb3 44. Kd4 c2 45. Ke5 c1=Q 46. Kxf5 Qc6 47. Kg5 Qf6+
48. Kxh5 0-1

[Event "Szkolne Indywidualne Mistrzostwa Polski 2021 - Chlopcy do lat 15"]
[Site "Pokrzywna"]
[Date "1899-12-30"]
[Round "2.5"]
[White "Denysow, Damian"]
[Black "Oskwarek, Filip"]
[Result "1/2-1/2"]
[WhiteTitle "II"]
[BlackTitle "III"]
[WhiteElo "1127"]
[BlackElo "1099"]

1. e4 c5 2. Nf3 g6 3. Nc3 Nc6 4. Bb5 Nf6 5. d3 Bg7 6. O-O a6 7. Bxc6 bxc6 8. Bg5
O-O 9. d4 cxd4 10. Nxd4 Qb6 11. Nb3 e6 12. e5 Nd5 13. Nxd5 exd5 14. Re1 f6 15.
exf6 Bxf6 16. Bxf6 Rxf6 17. Qd4 Qxd4 18. Nxd4 Rb8 19. h3 Bb7 20. Rab1 Rbf8 21.
f3 Kf7 22. Nb3 Re8 23. Nc5 Rxe1+ 24. Rxe1 Bc8 25. c3 d6 26. Nd3 c5 27. Kf2 Re6
28. Rxe6 Kxe6 29. Ke3 a5 30. g4 Kf6 31. h4 Bd7 32. a3 a4 33. Nc1 1/2-1/2

[Event "Szkolne Indywidualne Mistrzostwa Polski 2021 - Chlopcy do lat 15"]
[Site "Pokrzywna"]
[Date "1899-12-30"]
[Round "3.1"]
[White "Marek, Grzegorz"]
[Black "Fiszer, Bartosz"]
[Result "0-1"]
[WhiteTitle "II"]
[BlackTitle "CM"]
[WhiteElo "1277"]
[BlackElo "2217"]

1. e4 c5 2. Nf3 Nc6 3. d4 cxd4 4. Nxd4 g6 5. Nc3 Bg7 6. Be3 Nf6 7. Bc4 O-O 8. Bb3
Qa5 9. O-O d6 10. h3 Nxd4 11. Bxd4 Be6 12. f4 Nd7 13. Nd5 Bxd5 14. Bxg7 Kxg7 15.
Qxd5 Qxd5 16. Bxd5 Rac8 17. c3 b5 18. Bb3 Rb8 19. Rad1 Rfd8 20. Rde1 Rf8 21. Rd1
Rfd8 22. Rde1 b4 23. Rf3 Nc5 24. cxb4 Rxb4 25. f5 f6 26. Rfe3 Rdb8 27. Kh2 a5
28. Bd5 Rxb2 29. fxg6 hxg6 30. R1e2 a4 31. Kg3 e6 32. Bc6 R2b6 0-1

[Event "Szkolne Indywidualne Mistrzostwa Polski 2021 - Chlopcy do lat 15"]
[Site "Pokrzywna"]
[Date "1899-12-30"]
[Round "3.3"]
[White "Butkiewicz, Piotr"]
[Black "Turowski, Maciej"]
[Result "0-1"]
[WhiteTitle "II"]
[BlackTitle "II"]
[WhiteElo "1271"]
[BlackElo "1373"]

1. e4 e6 2. d4 d5 3. e5 c5 4. c3 Nc6 5. Nf3 Qb6 6. Bd3 Bd7 7. Bc2 cxd4 8. cxd4
Bb4+ 9. Nc3 Nge7 10. O-O Na5 11. Ne2 Nec6 12. b3 a6 13. Bd2 Bxd2 14. Qxd2 Nb4
15. Rfc1 Rc8 16. Bd3 Rxc1+ 17. Rxc1 Nxd3 18. Qxd3 Bb5 19. Qd2 O-O 20. Nc3 h6 21.
Nxb5 axb5 22. Rc5 Nc6 23. Qd3 b4 24. Qb5 Qa7 25. h3 Qxa2 26. Qxb7 Qa1+ 27. Kh2
Nxd4 28. Qxb4 Nxf3+ 29. gxf3 Qxe5+ 30. Kg2 Rb8 31. Rb5 Rxb5 32. Qxb5 Qg5+ 33.
Kh2 Qf4+ 34. Kg2 d4 35. Qd3 Qd6 36. Kf1 g6 37. Kg2 Qc5 38. f4 Qc3 39. Qc4 Qxc4
40. bxc4 g5 41. f5 e5 42. Kf3 Kf8 43. Ke4 Ke7 44. c5 Kd7 45. Kd3 Kc7 46. Kc4 Kc6
47. f3 Kc7 48. Kd3 Kb7 49. Kc4 Ka6 50. Kb4 f6 51. Kc4 Ka5 52. h4 gxh4 0-1

[Event "Szkolne Indywidualne Mistrzostwa Polski 2021 - Chlopcy do lat 15"]
[Site "Pokrzywna"]
[Date "1899-12-30"]
[Round "3.4"]
[White "Czak, Dominik"]
[Black "Denysow, Damian"]
[Result "1-0"]
[WhiteTitle "II"]
[BlackTitle "II"]
[WhiteElo "1337"]
[BlackElo "1127"]

1. d4 g6 2. c4 Bg7 3. Nc3 d6 4. e4 Nc6 5. Be3 Nf6 6. h3 O-O 7. Nf3 e5 8. d5 Ne7
9. Bd3 c6 10. O-O Bd7 11. Qc1 Qc8 12. Kh2 Nh5 13. Bh6 cxd5 14. cxd5 f5 15. Bxg7
Kxg7 16. Qg5 Rf7 17. Nh4 Nf4 18. Qg3 Nxd3 19. Qxd3 fxe4 20. Nxe4 Nf5 21. Nf3 a6
22. a4 b5 23. g4 Nd4 24. Nxd4 exd4 25. Qxd4+ Kf8 26. Rac1 Qb8 27. Rfe1 Qb7 28.
Nf6 Qa7 29. Qf4 bxa4 30. Qh6+ Rg7 31. Nxh7+ Kg8 32. Nf6+ Kf8 33. Nxd7+ Qxd7 34.
Qh8+ Rg8 35. Qf6+ Qf7 36. Qxd6+ Kg7 37. Re7 Qxe7 38. Qxe7+ Kh8 39. Qf6+ Kh7 40.
Rc7+ Kh6 41. g5+ Kh5 42. Rh7# 1-0

[Event "Szkolne Indywidualne Mistrzostwa Polski 2021 - Chlopcy do lat 15"]
[Site "Pokrzywna"]
[Date "1899-12-30"]
[Round "3.5"]
[White "Oskwarek, Filip"]
[Black "Danek, Kacper"]
[Result "1/2-1/2"]
[WhiteTitle "III"]
[BlackTitle "III"]
[WhiteElo "1099"]
[BlackElo "1020"]

1. e4 c6 2. d4 d5 3. exd5 cxd5 4. Nf3 Bf5 5. Bf4 Nc6 6. Bd3 Bg6 7. O-O Nf6 8. c3
e6 9. Bc2 Qb6 10. Bxg6 hxg6 11. Qb3 Nh5 12. Be3 Bd6 13. Nbd2 Qc7 14. h3 Ne7 15.
Qa4+ Kf8 16. c4 Nf5 17. cxd5 Nxe3 18. Rac1 Qe7 19. fxe3 exd5 20. Ne5 Nf6 21. Ndf3
g5 22. Nxg5 Bxe5 23. dxe5 Qxe5 24. Qf4 Qxf4 25. exf4 Ne4 26. Nxe4 dxe4 27. f5
Rh5 28. Rce1 Re8 29. Rf4 Re5 30. f6 gxf6 31. Rfxe4 Rxe4 32. Rxe4 Rb5 33. b3 f5
34. Re3 Rd5 35. Kh2 f6 36. a4 Kf7 37. Kg3 Rd4 38. Kf3 Rb4 39. g3 Kg6 1/2-1/2

[Event "Szkolne Indywidualne Mistrzostwa Polski 2021 - Chlopcy do lat 15"]
[Site "Pokrzywna"]
[Date "1899-12-30"]
[Round "4.1"]
[White "Fiszer, Bartosz"]
[Black "Latacz, Grzegorz"]
[Result "1-0"]
[WhiteTitle "CM"]
[BlackTitle "II"]
[WhiteElo "2217"]
[BlackElo "1430"]

1. a3 d5 2. b4 e5 3. Bb2 Bd6 4. Nf3 f6 5. e3 Bg4 6. Be2 Ne7 7. h3 Be6 8. Qc1 O-O
9. c4 e4 10. Nd4 Qd7 11. Nc3 c6 12. cxd5 Bxd5 13. Nxd5 cxd5 14. d3 Rc8 15. Qb1
f5 16. dxe4 dxe4 17. Qa2+ Kh8 18. Bc4 Qe8 19. Ne6 Nbc6 20. Bxg7+ Kg8 21. Bb2 1-0

[Event "Szkolne Indywidualne Mistrzostwa Polski 2021 - Chlopcy do lat 15"]
[Site "Pokrzywna"]
[Date "1899-12-30"]
[Round "4.2"]
[White "Turowski, Maciej"]
[Black "Marek, Grzegorz"]
[Result "1-0"]
[WhiteTitle "II"]
[BlackTitle "II"]
[WhiteElo "1373"]
[BlackElo "1277"]

1. Nf3 Nf6 2. g3 b6 3. Bg2 Bb7 4. d4 e6 5. O-O Be7 6. c4 O-O 7. Nc3 d5 8. cxd5
Nxd5 9. Re1 c5 10. e4 Nf6 11. Bg5 Na6 12. d5 exd5 13. exd5 h6 14. Bf4 Bd6 15.
Bxd6 Qxd6 16. Ne5 Nc7 17. Nc4 Qd8 18. d6 Bxg2 19. dxc7 Qxd1 20. Raxd1 Bh3 21.
Nd6 Be6 22. f4 g6 23. Rxe6 fxe6 24. Re1 Nd5 25. Nxd5 exd5 26. Re7 a6 27. Rd7 d4
28. Kf2 b5 29. Nb7 Rac8 30. Nd6 c4 31. Nxc8 c3 32. bxc3 dxc3 33. Ne7+ Kh8 34.
Rd8 c2 35. Rxf8+ Kg7 36. c8=Q 1-0

[Event "Szkolne Indywidualne Mistrzostwa Polski 2021 - Chlopcy do lat 15"]
[Site "Pokrzywna"]
[Date "1899-12-30"]
[Round "4.3"]
[White "Oskwarek, Filip"]
[Black "Czak, Dominik"]
[Result "0-1"]
[WhiteTitle "III"]
[BlackTitle "II"]
[WhiteElo "1099"]
[BlackElo "1337"]

1. d4 c5 2. c3 e6 3. Bf4 Nc6 4. e3 Nf6 5. Nf3 d5 6. Be2 cxd4 7. exd4 Bd6 8. Bg3
Ne4 9. Nbd2 Nxg3 10. hxg3 Qf6 11. Qc2 Bd7 12. Bd3 h6 13. g4 O-O-O 14. O-O-O e5
15. Bb5 e4 16. c4 Kb8 17. Bxc6 Bxc6 18. c5 Bf4 19. Nh4 Qxd4 20. Nf5 Qxf2 21. Rhf1
Bxd2+ 22. Qxd2 Qxc5+ 23. Qc3 Qxc3+ 24. bxc3 g6 25. Ne7 Rhf8 26. Rf6 Kc7 27. Rdf1
Rfe8 28. Rxf7 Rd7 29. Nxg6 Rxf7 30. Rxf7+ Kb6 31. Rf5 Rg8 32. Rf6 Kc5 33. Ne5
Rg5 34. Rf5 Rxf5 35. gxf5 Kd6 36. Nf7+ Ke7 37. Nxh6 Kf6 38. g4 Kg5 39. Ng8 Be8
40. f6 Bf7 41. Ne7 Kxf6 42. Nf5 Kg5 43. Kd2 b6 44. a3 Be6 45. Ne3 Kf4 46. Ke2
Bxg4+ 47. Nxg4 Kxg4 0-1

[Event "Szkolne Indywidualne Mistrzostwa Polski 2021 - Chlopcy do lat 15"]
[Site "Pokrzywna"]
[Date "1899-12-30"]
[Round "5.1"]
[White "Turowski, Maciej"]
[Black "Fiszer, Bartosz"]
[Result "1/2-1/2"]
[WhiteTitle "II"]
[BlackTitle "CM"]
[WhiteElo "1373"]
[BlackElo "2217"]

1. c4 b6 2. g3 Bb7 3. Nf3 Nf6 4. Bg2 g6 5. b3 Bg7 6. Bb2 O-O 7. O-O d5 8. d4 Nbd7
9. Nbd2 Qc8 10. Qc2 c5 11. cxd5 cxd4 12. Nxd4 Bxd5 13. Nc6 Qxc6 14. Qxc6 Bxc6
15. Bxc6 Rac8 16. Bxd7 Nxd7 17. Bxg7 Kxg7 18. Rac1 Rfd8 19. Nf3 Kf6 20. Kg2 Nc5
21. Rc4 Ne6 22. Rfc1 Rc5 23. Rxc5 Nxc5 24. e3 e5 25. b4 Ne6 26. Rc3 e4 27. Ne1
Rd1 28. Nc2 Ke5 29. a4 Rc1 30. Rc6 a6 31. b5 axb5 32. axb5 f5 33. h4 Nd8 34. Rc8
Ne6 35. Rc6 1/2-1/2

[Event "Szkolne Indywidualne Mistrzostwa Polski 2021 - Chlopcy do lat 15"]
[Site "Pokrzywna"]
[Date "1899-12-30"]
[Round "5.2"]
[White "Latacz, Grzegorz"]
[Black "Czak, Dominik"]
[Result "1/2-1/2"]
[WhiteTitle "II"]
[BlackTitle "II"]
[WhiteElo "1430"]
[BlackElo "1337"]

1. e4 c6 2. c4 d5 3. exd5 cxd5 4. d4 Nf6 5. Nc3 Nc6 6. Nf3 Bg4 7. cxd5 Nxd5 8.
Bc4 e6 9. Be3 Be7 10. O-O O-O 11. h3 Bh5 12. Nxd5 exd5 13. Bd3 Bf6 14. Be2 Re8
15. Qd2 Rc8 16. Rac1 Bg6 17. b4 a6 18. a4 Qd6 19. b5 axb5 20. Bxb5 Red8 21. Bf4
Qb4 22. Qxb4 Nxb4 23. Bc7 Na2 24. Bxd8 Rxc1 25. Rxc1 Nxc1 26. Bxf6 gxf6 27. a5
Nb3 28. a6 bxa6 29. Bxa6 Be4 30. Bb7 Kg7 1/2-1/2

[Event "Szkolne Indywidualne Mistrzostwa Polski 2021 - Chlopcy do lat 15"]
[Site "Pokrzywna"]
[Date "1899-12-30"]
[Round "5.4"]
[White "Denysow, Damian"]
[Black "Butkiewicz, Piotr"]
[Result "1/2-1/2"]
[WhiteTitle "II"]
[BlackTitle "II"]
[WhiteElo "1127"]
[BlackElo "1271"]

1. e4 e5 2. Nf3 Nc6 3. Bb5 Nf6 4. Nc3 Bc5 5. d3 a6 6. Bxc6 dxc6 7. h3 h6 8. O-O
Qd6 9. Be3 O-O 10. Bxc5 Qxc5 11. Qd2 Re8 12. Rfe1 Bd7 13. Rad1 Rad8 14. Qe3 Qb4
15. Rb1 Bc8 16. a3 Qd6 17. Rbd1 Qe7 18. d4 exd4 19. Rxd4 c5 20. Rxd8 Rxd8 21.
Nd5 Nxd5 22. exd5 Qxe3 23. Rxe3 Kf8 24. c4 b5 25. b3 Bb7 26. Kf1 c6 27. dxc6 Bxc6
28. Ne5 Bb7 29. Nd3 bxc4 30. bxc4 Bc6 31. Nxc5 Rd1+ 32. Ke2 Rc1 33. Nxa6 Bxg2
34. Kd2 Rxc4 35. Nb4 Rh4 36. Ke2 Bxh3 37. Kf3 Be6 38. Nd3 Rh3+ 39. Kg2 Rxe3 40.
fxe3 Ke7 41. Kg3 g6 42. e4 Kd6 43. a4 Bb3 44. a5 Bc2 45. Nf2 Kc6 46. Ng4 Bxe4
47. Ne5+ Kb5 48. Nxf7 Kxa5 49. Nxh6 Kb5 50. Ng4 Bf5 51. Kf4 Bxg4 52. Kxg4 Kc5
53. Kg5 Kd5 54. Kxg6 1/2-1/2

[Event "Szkolne Indywidualne Mistrzostwa Polski 2021 - Chlopcy do lat 15"]
[Site "Pokrzywna"]
[Date "1899-12-30"]
[Round "6.1"]
[White "Czak, Dominik"]
[Black "Fiszer, Bartosz"]
[Result "0-1"]
[WhiteTitle "II"]
[BlackTitle "CM"]
[WhiteElo "1337"]
[BlackElo "2217"]

1. d4 a6 2. g3 g6 3. Bg2 Bg7 4. e3 Nf6 5. Ne2 O-O 6. c4 c5 7. Nbc3 Nc6 8. O-O cxd4
9. exd4 d6 10. Bf4 Bf5 11. a3 Rc8 12. c5 dxc5 13. dxc5 e5 14. Be3 Ng4 15. b4 Nxe3
16. fxe3 Qg5 17. e4 Bg4 18. Qc1 Qh5 19. Qe3 Nd4 20. Ra2 Rcd8 21. Nc1 Bh6 22. Qf2
f5 23. Nd5 fxe4 24. Nf6+ Rxf6 25. Qxf6 Rf8 26. Qd6 Be3+ 27. Kh1 Rxf1+ 28. Bxf1
Bf3+ 29. Bg2 Bxg2+ 30. Kxg2 Qf3+ 31. Kh3 Qf5+ 32. Kg2 Qf3+ 33. Kh3 Qf1+ 34. Rg2
Bxc1 35. Qd8+ Qf8 36. Qd5+ Qf7 37. Qxe4 Qf5+ 38. Qg4 e4 39. Rg1 Qxg4+ 40. Kxg4
Bd2 41. Kh3 e3 42. Kg2 e2 43. Kf2 e1=Q+ 44. Rxe1 Bxe1+ 45. Kxe1 Nc2+ 0-1

[Event "Szkolne Indywidualne Mistrzostwa Polski 2021 - Chlopcy do lat 15"]
[Site "Pokrzywna"]
[Date "1899-12-30"]
[Round "6.3"]
[White "Marek, Grzegorz"]
[Black "Latacz, Grzegorz"]
[Result "0-1"]
[WhiteTitle "II"]
[BlackTitle "II"]
[WhiteElo "1277"]
[BlackElo "1430"]

1. e4 e6 2. d4 d5 3. exd5 exd5 4. Nf3 Nf6 5. Bd3 c5 6. dxc5 Bxc5 7. O-O Nc6 8.
Nbd2 O-O 9. Nb3 Bb6 10. h3 Qd6 11. Re1 Bxh3 12. gxh3 Qg3+ 13. Kh1 Bxf2 14. Rg1
Qxh3+ 15. Nh2 Bxg1 16. Qxg1 Nh5 17. Qg5 Ng3+ 18. Kg1 Ne4 19. Bxe4 dxe4 20. Bf4
h6 21. Qc5 Rac8 22. c3 Rfe8 23. Re1 Re6 24. Qf2 Rg6+ 25. Kh1 Re8 26. Nd2 Rge6
27. Nc4 R8e7 28. Ne3 Ne5 29. Bxe5 Rxe5 30. Rd1 Re8 31. Rd4 Rh5 32. Kg1 Re6 33.
Neg4 Rg6 34. Rxe4 f5 35. Re8+ Kh7 36. Re3 Rxg4+ 37. Nxg4 Qh1# 0-1

[Event "Szkolne Indywidualne Mistrzostwa Polski 2021 - Chlopcy do lat 15"]
[Site "Pokrzywna"]
[Date "1899-12-30"]
[Round "6.4"]
[White "Butkiewicz, Piotr"]
[Black "Oskwarek, Filip"]
[Result "1-0"]
[WhiteTitle "II"]
[BlackTitle "III"]
[WhiteElo "1271"]
[BlackElo "1099"]

1. e4 c5 2. Nf3 g6 3. d4 cxd4 4. Nxd4 Nf6 5. Nc3 Nc6 6. Be3 Bg7 7. Be2 O-O 8. O-O
d6 9. h3 Nxd4 10. Bxd4 Be6 11. f4 a6 12. a4 Qc7 13. Kh1 Rfb8 14. Ra3 b5 15. axb5
axb5 16. Rxa8 Rxa8 17. Bxb5 Bc4 18. Bxc4 Qxc4 19. b3 Qb4 20. Re1 e5 21. fxe5 dxe5
22. Bxe5 Ng4 23. Qd5 Re8 24. Bxg7 Nf2+ 25. Kg1 Kxg7 26. Qc4 Qb6 27. Nd5 Qa7 28.
Qc3+ Kg8 29. Nf6+ Kf8 30. Qe3 Nxh3+ 31. gxh3 Qxe3+ 32. Rxe3 Rc8 33. c3 Ke7 34.
Nd5+ Ke6 35. c4 f6 36. Kf2 Ke5 37. Kf3 Ra8 38. b4 Ra4 39. Rb3 f5 40. exf5 gxf5
41. Nb6 Ra1 42. b5 Rc1 43. Rd3 1-0

[Event "Szkolne Indywidualne Mistrzostwa Polski 2021 - Chlopcy do lat 15"]
[Site "Pokrzywna"]
[Date "1899-12-30"]
[Round "7.1"]
[White "Fiszer, Bartosz"]
[Black "Danek, Kacper"]
[Result "1-0"]
[WhiteTitle "CM"]
[BlackTitle "III"]
[WhiteElo "2217"]
[BlackElo "1020"]

1. a3 a6 2. g3 Nf6 3. Bg2 Nc6 4. b4 g6 5. Bb2 Bg7 6. c4 O-O 7. Nf3 b5 8. cxb5 axb5
9. Nd4 Bb7 10. Nxb5 Na5 11. Bxb7 Nxb7 12. Qc2 c6 13. Nd4 Ne8 14. O-O f5 15. d3
Qb6 16. Nd2 Nbd6 17. N4b3 Bxb2 18. Qxb2 Nf6 19. Nf3 Nf7 20. Nc5 Nd8 21. a4 Nb7
22. a5 Nxa5 23. Na4 Qc7 24. bxa5 Rxa5 25. Nc3 Rxa1 26. Rxa1 Rb8 27. Qa2+ Kg7 28.
Ng5 Qe5 29. Qf7+ Kh6 30. Qxh7+ Nxh7 31. Nf7+ Kg7 32. Nxe5 Nf6 33. Rb1 Ra8 34.
Rb7 Ra1+ 35. Kg2 Rc1 36. Na4 Rc2 37. Nxd7 Rxe2 38. Nxf6 Kxf6 39. d4 Rd2 40. Rd7
Ke6 41. Nc5+ Kf6 42. Rc7 Rxd4 43. Rxc6+ Rd6 44. Rxd6+ exd6 45. Nd3 g5 46. h4 Kg6
47. hxg5 Kxg5 48. f3 d5 49. Nf4 d4 50. Ne6+ Kf6 51. Nxd4 Ke5 52. Ne2 Kf6 53. Kf2
Ke6 54. Ke3 Ke5 55. Nf4 Kf6 56. Kd4 Kg5 57. Ke5 Kh6 58. Kxf5 1-0

[Event "Szkolne Indywidualne Mistrzostwa Polski 2021 - Chlopcy do lat 15"]
[Site "Pokrzywna"]
[Date "1899-12-30"]
[Round "7.2"]
[White "Denysow, Damian"]
[Black "Turowski, Maciej"]
[Result "0-1"]
[WhiteTitle "II"]
[BlackTitle "II"]
[WhiteElo "1127"]
[BlackElo "1373"]

1. e4 g6 2. d4 Bg7 3. Nf3 d6 4. c4 Nd7 5. Nc3 e5 6. d5 a5 7. Bd3 Ngf6 8. Bg5 O-O
9. O-O Nc5 10. Bc2 h6 11. Bh4 g5 12. Bg3 Bg4 13. h3 Bh5 14. Qe2 Bg6 15. Rfe1 Nh5
16. a3 a4 17. Bh2 Nf4 18. Qd1 Bh5 19. g3 Nxh3+ 20. Kg2 Qf6 21. Kxh3 Bxf3 22. Qd2
g4# 0-1

[Event "Szkolne Indywidualne Mistrzostwa Polski 2021 - Chlopcy do lat 15"]
[Site "Pokrzywna"]
[Date "1899-12-30"]
[Round "7.3"]
[White "Latacz, Grzegorz"]
[Black "Butkiewicz, Piotr"]
[Result "1-0"]
[WhiteTitle "II"]
[BlackTitle "II"]
[WhiteElo "1430"]
[BlackElo "1271"]

1. d4 Nf6 2. c4 e5 3. dxe5 Ng4 4. Bf4 g5 5. Bg3 Nc6 6. Nc3 Bg7 7. h4 h6 8. Nf3
Ngxe5 9. Nxe5 Nxe5 10. e4 Ng6 11. hxg5 hxg5 12. Rxh8+ Bxh8 13. Nd5 d6 14. Qd2
Be6 15. Be2 Be5 16. Bxe5 dxe5 17. Qa5 Bxd5 18. cxd5 a6 19. g3 Ne7 20. Qd2 Nc8
21. Qc3 Qd6 22. Rc1 Kd8 23. Kd2 Nb6 24. b3 c6 25. Qe3 Qb4+ 26. Kd1 cxd5 27. Qxg5+
Qe7 28. Qxe7+ Kxe7 29. Rc7+ Kd6 30. Rxb7 Kc6 31. Rxf7 d4 32. Rf6+ Kc7 33. Re6
Nd7 34. Bg4 Nc5 35. Rxe5 Nd3 36. Rf5 Nb4 37. a3 Nc6 38. Kd2 a5 39. Bd1 Re8 40.
f3 Rg8 41. g4 Kb6 42. Be2 Re8 43. Rb5+ Kc7 44. Rd5 Kb6 45. Bb5 Rh8 46. Bxc6 Kxc6
47. Rxd4 1-0